| 000 | 00786nam a2200205Ia 4500 | ||
|---|---|---|---|
| 005 | 20260121110022.0 | ||
| 008 | 008 260114s9999 xx 000 0 hin d | ||
| 020 | _a9788132360650 | ||
| 037 | _aEBOOK | ||
| 040 |
_aCRL _bhin _cCRL |
||
| 041 |
_ahin _2hin |
||
| 084 | _qCRL | ||
| 100 |
_aसुमंत चौधरी / Sumant Chaudhary _9941049 |
||
| 245 | 0 | _aग्रामीण जीवन के तीन आधार: कृषि, पशुपालन तथा कुटीर उधोग / Gramin Jeevan ke Teen Aadhar: Krishi, Pashupalan aur Kutiir Udyog | |
| 260 |
_bभाषा प्रकाशन / Bhasha Prakashan _c2021 |
||
| 856 | _uhttps://bhashaprakashan.com/product-details/379016 | ||
| 942 | _cEBOOK | ||
| 999 |
_c1532714 _d1532714 |
||